000 00842nam a22002057a 4500
999 _c60014
_d60014
003 Ge_BSU
005 20230530152018.0
008 230530s2003 ge ||||| |||| 00| 0 geo d
041 _ageo
080 _a008+159.964.2 ქ-86
100 _aქუმსიშვილი, მანანა
_918314
245 _aრა დაუშავა კულტურამ ფროიდს? /
_cმანანა ქუმსიშვილი; რედ თ. კუკავა.
264 _aთბილისი,
_c2003.
300 _a32 გვ. ;
_b20 სმ.
653 _aფროიდი, ზიგმუნდ.
653 _aკულტურის ფილოსოფია.
653 _aფროიდი ზიგმუნდ.
700 _aკუკავა, თ.
_eრედაქტორი
_918315
942 _2udc
_cBK